000 00174 a2200097 4500
001 27986
100 _aTaylor, J W R
245 _a
260 _a
_b
_c
090 _c18694
_d18694
942 _aNUST-CAE
_c
_c9662
999 _c263059
_d263059